Discurso en que se prueba que la enseñanza secundaria debe abrazar simultáneamente muchos y variados elementos (Record no. 154569)
[ view plain ]
| 000 -LEADER | |
|---|---|
| campo de control de longitud fija | 00855nam a2200181 i 4500 |
| 001 - NÚMERO DE CONTROL | |
| campo de control | 154569 |
| 003 - IDENTIFICADOR DE NÚMERO DE CONTROL | |
| campo de control | ES-MaACL |
| 005 - FECHA Y HORA DE LA ÚLTIMA TRANSACCIÓN | |
| campo de control | 20230906205800.0 |
| 008 - DATOS DE LONGITUD FIJA--INFORMACIÓN GENERAL | |
| campo de control de longitud fija | 040714s1848 sp |||| | spa d |
| 080 ## - NÚMERO DE LA CLASIFICACIÓN DECIMAL UNIVERSAL | |
| Número de la Clasificación Decimal Universal | 373.512.14(460) |
| 100 1# - ENTRADA PRINCIPAL--NOMBRE DE PERSONA | |
| Nombre de persona | González de Soto, Julián. |
| 9 (RLIN) | 127447 |
| 245 10 - MENCIÓN DEL TÍTULO | |
| Título | Discurso en que se prueba que la enseñanza secundaria debe abrazar simultáneamente muchos y variados elementos |
| Resto del título | : leído el 29 de junio de 1848 al dar principio a los exámenes del Colegio Politécnico / |
| Mención de responsabilidad, etc. | por Julián González de Soto. |
| 260 ## - PUBLICACIÓN, DISTRIBUCIÓN, ETC. | |
| Lugar de publicación, distribución, etc. | Madrid : |
| Nombre del editor, distribuidor, etc. | [s.n.], |
| Fecha de publicación, distribución, etc. | [1848?] ( |
| Fabricante | Imp. de José María Alonso) |
| 300 ## - DESCRIPCIÓN FÍSICA | |
| Extensión | 19, [4] p. ; |
| Dimensiones | 21 cm. |
| 650 04 - PUNTO DE ACCESO ADICIONAL DE MATERIA--TÉRMINO DE MATERIA | |
| Término de materia o nombre geográfico como elemento de entrada | Enseñanza secundaria- |
| Subdivisión geográfica | España- |
| Subdivisión cronológica | S.XIX. |
| 9 (RLIN) | 12315 |
| 710 2# - ENTRADA AGREGADA--NOMBRE DE ENTIDAD CORPORATIVA | |
| Nombre de entidad corporativa o nombre de jurisdicción como elemento de entrada | Colegio Politécnico (Madrid) |
| 9 (RLIN) | 166969 |
| 852 ## - LOCALIZACIÓN | |
| Ubicación | ES-MaACL |
| Número de control de estantería | T-31-F-17 |
| Nota libre | - Enc. hol., falto de cub. original |
| -- | - Enc. en un vol. facticio |
| Estatus retirado | Estado de pérdida | Estado de daño | No para préstamo | Colección | Biblioteca de origen | Biblioteca actual | Ubicación en estantería | Fecha de adquisición | Total de préstamos | Signatura topográfica completa | Código de barras | Visto por última vez | Precio de reemplazo | Tipo de ítem Koha |
|---|---|---|---|---|---|---|---|---|---|---|---|---|---|---|
| Colección de folletos | Biblioteca del Ateneo de Madrid | Biblioteca del Ateneo de Madrid | Depósito folletos | 17/01/2008 | T-31-F-17 | 1161659 | 23/02/2023 | 23/02/2023 | Folleto |
